00850nam a2200241 a 4500001001000000003000900010005001700019007000300036008004100039020001500080040002500095041000800120082002200128245014900150260004300299300002000342504002800362650001600390650003100406650002900437710009800466710004400564000031309DO-SdBNP20250607073643.0ta110617s2005 dr ad 000 0 spa d a9275324115 aDO-SdBNPbspacBNPHU hspa 4a616.9 bG943c2220 aGuía clínica para el tratamiento de las enfermedades infecciosas en República Dominicana.bcolaboradores Virgen Gómez Alba ... [et al.] aSanto Domingo :bSESPAS :bOPS,c2005. a183 p. ;c18 cm aBibliografía : p. 185 4aInfecciones 4aInfecciones xTratamiento  4aResistencia a las drogas1 aRepública Dominicana. b Secretaria de Estado de Salud Pública y Asistencia Social (2001)2 aOrganización Panamericana de la Salud